Visuals : Writing about graphs, tables and diagrams
Q: Skills for Success, Second Edition is a six-level paired skills series that helps students to think critically and succeed academically. With new note-taking skills, an extended writing syllabus and authentic video in every unit, Q Second Edition equips students for academic success better than e...
Сохранить в:
| Главный автор: | |
|---|---|
| Формат: | |
| Язык: | Undetermined |
| Опубликовано: |
Oxford
Academic English Press
2001
|
| Предметы: | |
| Метки: |
Добавить метку
Нет меток, Требуется 1-ая метка записи!
|
| Thư viện lưu trữ: | Trung tâm Học liệu Trường Đại học Cần Thơ |
|---|
| LEADER | 01180nam a2200217Ia 4500 | ||
|---|---|---|---|
| 001 | CTU_238806 | ||
| 008 | 210402s9999 xx 000 0 und d | ||
| 082 | |a 808.066 | ||
| 082 | |b D873 | ||
| 100 | |a Duigu, Gabi | ||
| 245 | 0 | |a Visuals : | |
| 245 | 0 | |b Writing about graphs, tables and diagrams | |
| 245 | 0 | |c Gabi Duigu | |
| 260 | |a Oxford | ||
| 260 | |b Academic English Press | ||
| 260 | |c 2001 | ||
| 520 | |a Q: Skills for Success, Second Edition is a six-level paired skills series that helps students to think critically and succeed academically. With new note-taking skills, an extended writing syllabus and authentic video in every unit, Q Second Edition equips students for academic success better than ever. Q Second Edition helps students to measure their progress, with clearly stated unit objectives that motivate students to achieve their language learning goals. And the online content, seamlessly integrated into the Student Book, allows teachers to truly implement blended learning into the classroom. | ||
| 650 | |a Tiếng Anh,English language | ||
| 650 | |x Viết,Writing | ||
| 910 | |a Tuyến | ||
| 980 | |a Trung tâm Học liệu Trường Đại học Cần Thơ | ||